| 000 | 01285cam a2200373 a 4500 | ||
|---|---|---|---|
| 999 |
_c21305 _d21305 |
||
| 001 | 15719718 | ||
| 003 | OSt | ||
| 005 | 20200612124636.0 | ||
| 008 | 090430r20092000enk b 001 0 eng | ||
| 010 | _a 2009294381 | ||
| 015 |
_aGBA8D6256 _2bnb |
||
| 016 | 7 |
_a014844660 _2Uk |
|
| 020 | _a9780199539093 (pbk.) | ||
| 020 | _a019953909X (pbk.) | ||
| 035 | _a(OCoLC)ocn277068165 | ||
| 040 |
_aUKM _coclc _dBTCTA _dYDXCP _dDLC |
||
| 041 | 1 |
_aeng _hgrc |
|
| 042 | _alccopycat | ||
| 050 | 0 | 0 |
_aB187.5 _b.F57 2009 |
| 082 | 0 | 4 |
_a182 _222 _bWAT/F |
| 100 |
_92840 _aWaterfield, Robin |
||
| 245 | 0 | 4 |
_aThe first philosophers : _bThe presocratics and sophists / _ctranslated with commentary by Robin Waterfield. |
| 260 |
_aOxford : _bOxford University Press, _c2009. |
||
| 300 |
_a354 p. ; _c20 cm. |
||
| 440 | 0 | _aOxford world's classics | |
| 500 | _aOriginally published: 2000. | ||
| 504 | _aIncludes bibliographical references and index. | ||
| 546 | _aTranslated from the Ancient Greek. | ||
| 650 | 0 | _aSophists (Greek philosophy) | |
| 700 | 1 |
_aWaterfield, Robin, _d1952- |
|
| 906 |
_a7 _bcbc _ccopycat _d2 _encip _f20 _gy-gencatlg |
||
| 942 |
_2ddc _cBK _h182 _iWAT/F _k182 _mWAT/F |
||